[Event "BL 8687 Karlsruhe-Lasker"]
[Site "?"]
[Date "1987.??.??"]
[Round "?.2"]
[White "Arnold, L."]
[Black "Berg, K."]
[Result "0-1"]
[WhiteElo "2305"]
[BlackElo "2355"]
[PlyCount "103"]
[EventDate "1987.??.??"]

1. e4 c6 2. d4 d5 3. e5 Bf5 4. c3 e6 5. Qb3 Qc7 6. Be3 Nd7 7. f4 h5 8. Nf3 Nh6
9. Bf2 c5 10. dxc5 Bxc5 11. Bd4 O-O 12. Na3 f6 13. Bb5 fxe5 14. fxe5 Bxd4 15.
cxd4 Qa5+ 16. Qc3 Qxc3+ 17. bxc3 Nb6 18. Ng5 Nf7 19. Nxf7 Rxf7 20. Be2 Bg4 21.
Bd3 Na4 22. Bg6 Rf4 23. h3 Bf5 24. Bxf5 exf5 25. Nb5 Rc8 26. Rf1 Rxf1+ 27. Kxf1
a6 28. Nd6 Rc7 29. e6 g6 30. Ne8 Re7 31. Nf6+ Kg7 32. Nxd5 Rxe6 33. Re1 Kf7 34.
h4 b5 35. Kf2 Rd6 36. Nf4 Nxc3 37. d5 Nxa2 38. Ke3 b4 39. Kd4 Nc3 40. Kc5 Rd8
41. Kc6 b3 42. d6 b2 43. Re7+ Kg8 44. d7 Rxd7 45. Re8+ Kh7 46. Kxd7 b1=Q 47.
Ne6 Qb5+ 48. Kd8 Qb8+ 49. Ke7 Nd5+ 50. Kf8 Qd6+ 51. Kf7 Qd7+ 52. Kf8 0-1

[Event "BL 8687 Karlsruhe-Lasker"]
[Site "?"]
[Date "1987.??.??"]
[Round "?.3"]
[White "Muse, M."]
[Black "Werner, C."]
[Result "0-1"]
[WhiteElo "2425"]
[BlackElo "2225"]
[PlyCount "154"]
[EventDate "1987.??.??"]

1. d4 d5 2. c4 Bf5 3. Nf3 e6 4. Nc3 c6 5. g3 Nf6 6. Bg2 Be7 7. O-O Nbd7 8. Qb3
Qb6 9. Qa4 Qb4 10. Qxb4 Bxb4 11. cxd5 cxd5 12. Nb5 Ke7 13. a3 Ba5 14. b4 Bd8
15. Bf4 Ne8 16. Nh4 Be4 17. f3 Bc2 18. Rfc1 Bb3 19. Bf1 Bb6 20. a4 Bc4 21. Rd1
f6 22. Ng2 g5 23. Bc1 Rc8 24. e3 Bxf1 25. Kxf1 a6 26. Na3 Nd6 27. Ne1 Ba7 28.
Nd3 b6 29. Nb1 Rc2 30. a5 b5 31. Nc5 Bxc5 32. bxc5 Nc4 33. Bd2 Nb8 34. Ke2 Nc6
35. Na3 Nxa3 36. Rxa3 h5 37. Kd3 Rc4 38. h3 f5 39. Rb1 g4 40. fxg4 hxg4 41. h4
Kf7 42. Rc1 Kg6 43. Raa1 Rb8 44. Rab1 e5 45. dxe5 Nxe5+ 46. Ke2 Rc8 47. Bb4 Nc6
48. Bc3 Rxc5 49. Bd2 Ne5 50. Rxc5 Rxc5 51. Bb4 Rc2+ 52. Kd1 Rg2 53. Bd6 Nc4 54.
Bc5 Nb2+ 55. Rxb2 Rxb2 56. Kc1 Rg2 57. Bd6 f4 58. Bxf4 Rh2 59. Kb1 Kf5 60. Kc1
Ke4 61. Kb1 Kd3 62. Kc1 b4 63. Kb1 Kc4 64. Kc1 Kb5 65. Bc7 Ka4 66. Kb1 b3 67.
Bd8 Kb5 68. Bc7 Rg2 69. Ka1 Ka4 70. Kb1 Kb4 71. Bf4 Kxa5 72. h5 Rh2 73. h6 Kb5
74. Bg5 a5 75. Kc1 a4 76. Bh4 Rc2+ 77. Kd1 Rc6 0-1

[Event "BL 8687 Sindelfingen-Kreuzberg"]
[Site "?"]
[Date "1987.??.??"]
[Round "?.1"]
[White "King, D."]
[Black "Fahnenschmidt, G."]
[Result "0-1"]
[WhiteElo "2460"]
[BlackElo "2340"]
[PlyCount "106"]
[EventDate "1987.??.??"]

1. e4 c5 2. Nf3 d6 3. d4 cxd4 4. Nxd4 Nf6 5. Nc3 e6 6. Be2 Be7 7. O-O O-O 8. f4
Nc6 9. Be3 e5 10. Ndb5 a6 11. fxe5 Nxe5 12. Nd4 Bd7 13. Nf5 Bxf5 14. Rxf5 Rc8
15. Kh1 Re8 16. Qd2 Qd7 17. Raf1 Qc6 18. Bd3 Nfd7 19. Nd5 Bf8 20. Bd4 f6 21.
Qe3 Kh8 22. Qh3 Be7 23. a3 Nf8 24. R5f2 Bd8 25. Be2 Qd7 26. Qxd7 Nfxd7 27. Bh5
Rf8 28. b4 b5 29. Rb1 Rb8 30. g3 Bb6 31. Nxb6 Nxb6 32. Kg2 Nbc4 33. Rb3 Kg8 34.
Bd1 Rfe8 35. Ba1 Rbd8 36. Bh5 Re7 37. Re2 Red7 38. Bd4 Re7 39. Bg1 g6 40. Bf3
Rde8 41. Bd4 Nxf3 42. Rxf3 f5 43. c3 Rxe4 44. Rxe4 Rxe4 45. Rf2 h5 46. Ra2 Kf7
47. a4 Ke6 48. axb5 axb5 49. Ra8 g5 50. Rg8 g4 51. Rg5 Re2+ 52. Kg1 Nd2 53.
Rxh5 Nf3+ 0-1

[Event "BL 8687 Sindelfingen-Kreuzberg"]
[Site "?"]
[Date "1987.??.??"]
[Round "?.2"]
[White "Bialas, W."]
[Black "Conquest, S."]
[Result "1-0"]
[WhiteElo "2345"]
[BlackElo "2430"]
[PlyCount "116"]
[EventDate "1987.??.??"]

1. d4 Nf6 2. Nf3 g6 3. g3 Bg7 4. Bg2 O-O 5. O-O c5 6. c4 cxd4 7. Nxd4 Nc6 8.
Nc3 Ng4 9. e3 d6 10. b3 h5 11. Bb2 Nxd4 12. exd4 Nh6 13. Re1 h4 14. Nd5 Re8 15.
Ne3 hxg3 16. hxg3 Qc7 17. a3 Rb8 18. b4 Qd8 19. Qd2 b5 20. Bc6 Rf8 21. cxb5 e6
22. Nc4 Nf5 23. a4 d5 24. Ne5 g5 25. Kg2 f6 26. Nd3 Nd6 27. Nc5 Nc4 28. Qe2 Qd6
29. Bc3 Rf7 30. Rad1 Re7 31. Qh5 Rb6 32. Qg6 Qd8 33. Rh1 Qf8 34. Rde1 Qf7 35.
Qh7+ Kf8 36. a5 Rb8 37. Na6 Bxa6 38. bxa6 Nd6 39. b5 Rc7 40. Rb1 f5 41. Bb4 Ke7
42. Bc5 Rh8 43. Qxh8 Bxh8 44. Rxh8 f4 45. Rbh1 f3+ 46. Kg1 Qf5 47. R1h7+ Kf6
48. Rxc7 Qb1+ 49. Kh2 Nf7 50. Rxf7+ Kxf7 51. Rf8+ Kg7 52. Rxf3 Qh7+ 53. Kg2 Qe4
54. Bf8+ Kg8 55. Bd7 g4 56. Bxe6+ Qxe6 57. Rf4 Qe2 58. b6 Qxa6 1-0

[Event "BL 8687 Sindelfingen-Kreuzberg"]
[Site "?"]
[Date "1987.??.??"]
[Round "?.3"]
[White "Lehmann, K."]
[Black "Gruenenwald, J."]
[Result "1/2-1/2"]
[WhiteElo "2270"]
[BlackElo "2290"]
[PlyCount "51"]
[EventDate "1987.??.??"]

1. e4 c5 2. c3 Nf6 3. e5 Nd5 4. d4 cxd4 5. Nf3 e6 6. cxd4 Nc6 7. Nc3 d6 8. Bd3
dxe5 9. dxe5 Ncb4 10. Be4 Nxc3 11. Qxd8+ Kxd8 12. bxc3 Nc6 13. Ke2 f5 14. exf6
gxf6 15. Rd1+ Kc7 16. Nd4 a6 17. Nxc6 bxc6 18. Rb1 Bc5 19. Bh6 Rg8 20. Rd2 e5
21. g3 f5 22. Bc2 Be6 23. Bb3 Bxb3 24. axb3 Rg6 25. Be3 Bxe3 26. Kxe3 1/2-1/2

[Event "BL 8687 Sindelfingen-Kreuzberg"]
[Site "?"]
[Date "1987.??.??"]
[Round "?.4"]
[White "Bauer, P."]
[Black "Grzesik, F."]
[Result "1/2-1/2"]
[WhiteElo "2310"]
[BlackElo "2250"]
[PlyCount "101"]
[EventDate "1987.??.??"]

1. e4 Nf6 2. e5 Nd5 3. c4 Nb6 4. c5 Nd5 5. Bc4 e6 6. Nc3 Nxc3 7. bxc3 d6 8.
cxd6 cxd6 9. exd6 Bxd6 10. Qh5 Qf6 11. Nf3 Qg6 12. Qxg6 hxg6 13. O-O Bd7 14. a4
Bc6 15. Bb5 Kf8 16. Ba3 Bxa3 17. Bxc6 Nxc6 18. Rxa3 b6 19. Rb3 Rc8 20. Re1 Ke7
21. Kf1 Rhd8 22. Re4 Rd6 23. Ke1 f6 24. Rb5 Kf7 25. Rc4 Rcd8 26. d4 Na5 27.
Rc7+ R6d7 28. Rxd7+ Rxd7 29. Ke2 g5 30. Nd2 Ke7 31. Ke3 Rc7 32. Kd3 Rd7 33. Nc4
Nxc4 34. Kxc4 Kd6 35. Kd3 Kc6 36. Ke4 a6 37. Rb4 Rd8 38. h3 b5 39. c4 bxc4 40.
Rxc4+ Kd6 41. Rb4 Rc8 42. Kd3 Rc7 43. Rb6+ Rc6 44. Rb8 e5 45. Rb7 exd4 46. Kxd4
g6 47. g3 Ke6 48. Ra7 Kd6 49. Rf7 Ke6 50. Rb7 Kd6 51. Ra7 1/2-1/2

[Event "BL 8687 Sindelfingen-Kreuzberg"]
[Site "?"]
[Date "1987.??.??"]
[Round "?.5"]
[White "Grzesik, T."]
[Black "Runau, R."]
[Result "0-1"]
[WhiteElo "2335"]
[BlackElo "2285"]
[PlyCount "102"]
[EventDate "1987.??.??"]

1. e4 c5 2. Nf3 d6 3. Bb5+ Nd7 4. c3 Ngf6 5. Qe2 a6 6. Ba4 c4 7. Bc2 b5 8. b3
cxb3 9. axb3 e5 10. O-O Be7 11. d4 O-O 12. Rd1 Qc7 13. Bb2 Nh5 14. g3 Ndf6 15.
Kg2 Qd7 16. Ng1 exd4 17. cxd4 Bb7 18. f3 Rfe8 19. Qf2 Rac8 20. Bd3 g5 21. h3 d5
22. Nd2 dxe4 23. Nxe4 Nxe4 24. fxe4 Bd6 25. d5 f5 26. Qe3 h6 27. Ne2 fxe4 28.
Bb1 Qf7 29. b4 Qf3+ 30. Qxf3 exf3+ 31. Kxf3 Rf8+ 32. Kg2 Rce8 33. Nc3 Nxg3 34.
Ra2 Nf5 35. Bc1 Ne3+ 36. Bxe3 Rxe3 37. Ne4 Bxb4 38. Rf2 Re1 39. Rxe1 Bxe1 40.
Re2 Bb4 41. Rc2 Rc8 42. Rf2 Rd8 43. Ba2 Kg7 44. Nf6 Bc3 45. Nh5+ Kg6 46. Kg3
Be5+ 47. Kg2 Kxh5 48. Kf1 Bxd5 49. Bb1 Bc4+ 50. Kg2 Bd5+ 51. Kf1 Bf4 0-1

[Event "BL 8687 Koblenz-Enger"]
[Site "?"]
[Date "1987.??.??"]
[Round "?.1"]
[White "Gruen, G."]
[Black "Gutman, L."]
[Result "0-1"]
[WhiteElo "2410"]
[BlackElo "2460"]
[PlyCount "58"]
[EventDate "1987.??.??"]

1. d4 Nf6 2. Nf3 g6 3. g3 Bg7 4. Bg2 O-O 5. c4 d5 6. O-O dxc4 7. Na3 a5 8. Nxc4
Be6 9. Nfe5 Bd5 10. f3 Nfd7 11. Qc2 Ra6 12. Rd1 b5 13. Na3 b4 14. Nac4 a4 15.
e4 b3 16. Qe2 Nxe5 17. Nxe5 Bxe5 18. exd5 Bf6 19. axb3 Qxd5 20. bxa4 Bxd4+ 21.
Kh1 c5 22. Bh6 Re8 23. f4 Qd7 24. a5 Qa7 25. Qb5 Nd7 26. Bb7 Rd6 27. a6 Rd8 28.
Qa5 Nf6 29. Bf3 Ng4 0-1

[Event "BL 8687 Koblenz-Enger"]
[Site "?"]
[Date "1987.??.??"]
[Round "?.2"]
[White "Wolf, V."]
[Black "Stertenbrink, G."]
[Result "1/2-1/2"]
[WhiteElo "2315"]
[BlackElo "2225"]
[PlyCount "126"]
[EventDate "1987.??.??"]

1. Nf3 c5 2. e4 g6 3. d4 cxd4 4. Nxd4 Bg7 5. Be2 Nc6 6. Nb3 b6 7. O-O Bb7 8. f4
d6 9. Nc3 Bxc3 10. bxc3 Nf6 11. Bf3 O-O 12. Qe2 Nd7 13. Rd1 Qc7 14. Bd2 Na5 15.
Nxa5 Qc5+ 16. Kh1 Qxa5 17. Be1 Nc5 18. Rdb1 Rac8 19. Rb4 Qa6 20. Qxa6 Bxa6 21.
a4 e5 22. Bh4 Nb7 23. Ra3 f6 24. f5 Na5 25. Be1 Bb7 26. fxg6 hxg6 27. Ra1 Kf7
28. Rd1 Ke7 29. g4 Rc4 30. Kg2 Bc6 31. Ra1 Rd8 32. h4 d5 33. exd5 Bxd5 34. Bxd5
Rxd5 35. Kf3 Ke6 36. Rxc4 Nxc4 37. h5 gxh5 38. gxh5 Kf5 39. h6 Kg6 40. Bh4 f5
41. Rg1+ Kxh6 42. Rg8 Ra5 43. Bg5+ Kh7 44. Rc8 Rxa4 45. Rc6 f4 46. Kg4 Ne3+ 47.
Kh5 Rc4 48. Re6 Nf5 49. Rxe5 Ng7+ 50. Kg4 f3+ 51. Kxf3 Rxc3+ 52. Re3 Rc7 53.
Re7 Rxe7 54. Bxe7 Kg6 55. Ke4 Kf7 56. Bd6 Ke6 57. Bb8 a6 58. Bc7 b5 59. c4 b4
60. Ba5 b3 61. Kd3 Nf5 62. Kc3 Nd4 63. Bb6 Nc6 1/2-1/2

[Event "BL 8687 Koblenz-Enger"]
[Site "?"]
[Date "1987.??.??"]
[Round "?.3"]
[White "Pieper Emden, C."]
[Black "Andruet, G."]
[Result "1/2-1/2"]
[WhiteElo "2335"]
[BlackElo "2365"]
[PlyCount "53"]
[EventDate "1987.??.??"]

1. d4 d5 2. c4 Nc6 3. Nf3 Bg4 4. Nbd2 dxc4 5. Qa4 Bxf3 6. Nxf3 Qd5 7. e4 Qxe4+
8. Be3 e6 9. a3 Bd6 10. Bxc4 Bf4 11. O-O Bxe3 12. Rae1 Nge7 13. fxe3 O-O 14.
Qb5 h6 15. Bd3 Qd5 16. Qxb7 Rab8 17. Qxc7 Rxb2 18. Rb1 Qa2 19. Rxb2 Qxb2 20.
Be4 Qxa3 21. Bxc6 Rc8 22. Qd7 Rxc6 23. Qe8+ Kh7 24. Qxf7 Qxe3+ 25. Kh1 Rc7 26.
h4 Nd5 27. Ng5+ 1/2-1/2

[Event "BL 8687 Koblenz-Enger"]
[Site "?"]
[Date "1987.??.??"]
[Round "?.4"]
[White "Brueckner, T."]
[Black "Eising, J."]
[Result "1/2-1/2"]
[WhiteElo "2345"]
[BlackElo "2355"]
[PlyCount "51"]
[EventDate "1987.??.??"]

1. d4 g6 2. g3 Bg7 3. Bg2 d6 4. Nf3 f5 5. O-O Nf6 6. Nbd2 Nc6 7. Re1 e5 8. dxe5
dxe5 9. e4 Nxe4 10. Nxe4 Qxd1 11. Rxd1 fxe4 12. Nd2 Bg4 13. Re1 Nd4 14. Bxe4
O-O-O 15. f3 Bf5 16. c3 Nc2 17. Bxc2 Bxc2 18. Ne4 Rhf8 19. Kg2 b6 20. Ng5 Bh6
21. Be3 Bxg5 22. Bxg5 Rd3 23. Rxe5 Rdxf3 24. Bf4 Rd3 25. Rae1 Rd7 26. Re8+
1/2-1/2

[Event "BL 8687 Koblenz-Enger"]
[Site "?"]
[Date "1987.??.??"]
[Round "?.5"]
[White "Groenegress, W."]
[Black "Schlick, V."]
[Result "1/2-1/2"]
[WhiteElo "2215"]
[BlackElo "2285"]
[PlyCount "62"]
[EventDate "1987.??.??"]

1. e4 c5 2. b3 Nc6 3. Bb2 e5 4. Nf3 d6 5. Bb5 Nge7 6. O-O a6 7. Bxc6+ Nxc6 8.
d3 Bg4 9. Nbd2 Be7 10. Nc4 O-O 11. Ne3 f5 12. Nxg4 fxg4 13. Nd2 Bg5 14. Nc4 b5
15. Ne3 Bxe3 16. fxe3 Qg5 17. Qe2 g3 18. hxg3 Qxg3 19. Bc3 Qg6 20. Rxf8+ Rxf8
21. Rf1 Rxf1+ 22. Qxf1 Qf7 23. Qd1 h5 24. d4 cxd4 25. exd4 Qf4 26. Qxh5 Qe3+
27. Kh2 exd4 28. Qd5+ Kh7 29. Qf5+ Kh6 30. Bd2 Qxd2 31. Qh3+ Kg5 1/2-1/2

[Event "BL 8687 Heidelberg-Porz"]
[Site "?"]
[Date "1987.??.??"]
[Round "?.1"]
[White "Hort, V."]
[Black "Steinbacher, M."]
[Result "1-0"]
[WhiteElo "2545"]
[BlackElo "2280"]
[PlyCount "67"]
[EventDate "1987.??.??"]

1. e4 e6 2. d4 d5 3. Nc3 Bb4 4. e5 c5 5. a3 Bxc3+ 6. bxc3 Ne7 7. Nf3 Qc7 8. Bd3
b6 9. a4 Ba6 10. a5 Qb7 11. Be3 Bxd3 12. cxd3 Nd7 13. Qb1 Qc6 14. Bg5 f6 15.
exf6 gxf6 16. Be3 Nf5 17. axb6 axb6 18. Rxa8+ Qxa8 19. O-O Qc6 20. Re1 Kf7 21.
Bf4 Ra8 22. h3 Ra3 23. Qb2 Qa4 24. Qe2 Nf8 25. g4 Ra2 26. Bd2 Ne7 27. g5 Neg6
28. gxf6 Qc2 29. h4 cxd4 30. cxd4 Ra3 31. h5 Qxd3 32. hxg6+ Qxg6+ 33. Ng5+ Kxf6
34. Qe5+ 1-0

[Event "BL 8687 Heidelberg-Porz"]
[Site "?"]
[Date "1987.??.??"]
[Round "?.5"]
[White "Gerusel, M."]
[Black "Zuse, P."]
[Result "1-0"]
[WhiteElo "2390"]
[BlackElo "2335"]
[PlyCount "59"]
[EventDate "1987.??.??"]

1. d4 Nf6 2. c4 g6 3. Nc3 Bg7 4. e4 d6 5. Be2 O-O 6. Bg5 c5 7. d5 h6 8. Be3 e6
9. Qd2 exd5 10. exd5 Kh7 11. h3 Re8 12. Bd3 Nbd7 13. Nf3 a6 14. a4 Nh5 15. Kf1
Qf6 16. Rb1 Ne5 17. Ne4 Qe7 18. Nxe5 Qxe5 19. g4 Nf6 20. Nc3 Bd7 21. a5 h5 22.
Re1 Qe7 23. Kg2 Qd8 24. Bg5 Qxa5 25. Qf4 b5 26. Bxf6 bxc4 27. Bb1 Qb4 28. gxh5
Qxb2 29. hxg6+ fxg6 30. Qg5 1-0

[Event "BL 8687 Heidelberg-Porz"]
[Site "?"]
[Date "1987.??.??"]
[Round "?.6"]
[White "Mandl, Ru"]
[Black "Schmidt, B."]
[Result "1/2-1/2"]
[WhiteElo "2280"]
[BlackElo "2340"]
[PlyCount "77"]
[EventDate "1987.??.??"]

1. g3 d5 2. Bg2 c6 3. Nf3 Bg4 4. c4 e6 5. O-O Nd7 6. b3 Ngf6 7. Bb2 Bd6 8. d3
O-O 9. Nbd2 Qe7 10. a3 a5 11. h3 Bxf3 12. exf3 e5 13. Re1 Qd8 14. d4 exd4 15.
Bxd4 Bc5 16. Bb2 Qb6 17. Re2 Rfe8 18. cxd5 cxd5 19. f4 Rxe2 20. Qxe2 Re8 21.
Qf1 Nh5 22. Rd1 Nxg3 23. Qd3 Ne2+ 24. Kh1 Bxf2 25. Bxd5 Nc5 26. Qf3 Bd4 27. Nc4
Qg6 28. Ne5 Qc2 29. Re1 Ne6 30. Qxe2 Qxb2 31. Qxb2 Bxb2 32. Nxf7 Kxf7 33. f5
Kf6 34. Rxe6+ Rxe6 35. fxe6 Bxa3 36. Bxb7 Kxe6 37. Kg2 Ke5 38. Kf3 Be7 39. Bc8
1/2-1/2

[Event "BL 8687 Heidelberg-Porz"]
[Site "?"]
[Date "1987.??.??"]
[Round "?.7"]
[White "Garcia Palermo, C."]
[Black "Krieger, H."]
[Result "1/2-1/2"]
[WhiteElo "2515"]
[BlackElo "2210"]
[PlyCount "82"]
[EventDate "1987.??.??"]

1. d4 Nf6 2. Nf3 g6 3. Nc3 d5 4. Bf4 Bg7 5. e3 O-O 6. Be2 Nbd7 7. Ne5 c6 8. Qd2
Ne8 9. O-O-O f6 10. Nxd7 Qxd7 11. e4 e5 12. Be3 f5 13. dxe5 fxe4 14. Nxe4 Bxe5
15. Nc5 Qc7 16. h4 Nd6 17. f4 Bf6 18. h5 Qg7 19. c3 b6 20. hxg6 hxg6 21. g4
bxc5 22. Bxc5 Ne4 23. Bxf8 Qxf8 24. Qc2 Rb8 25. Rh3 Bxc3 26. Rxc3 Qxf4+ 27. Kb1
Nxc3+ 28. Qxc3 Bxg4 29. Qxc6 Bxe2 30. Qe6+ Kg7 31. Qxe2 Qe4+ 32. Qxe4 dxe4 33.
Rd4 Re8 34. Kc2 Kf6 35. Kd2 Kf5 36. Ke3 a5 37. Ra4 Re5 38. b4 axb4 39. Rxb4 g5
40. a4 g4 41. Rb8 Re7 1/2-1/2

[Event "BL 8687 Enger-Heidelberg"]
[Site "?"]
[Date "1987.??.??"]
[Round "?.3"]
[White "Neunhoeffer, H."]
[Black "Pieper Emden, C."]
[Result "1/2-1/2"]
[WhiteElo "2235"]
[BlackElo "2335"]
[PlyCount "80"]
[EventDate "1987.??.??"]

1. d4 d5 2. c4 c6 3. Nc3 Nf6 4. e3 a6 5. Nf3 b5 6. cxd5 cxd5 7. Bd3 e6 8. O-O
Nbd7 9. Ne5 Nxe5 10. dxe5 Nd7 11. f4 g6 12. e4 d4 13. Ne2 Bc5 14. a3 O-O 15. b4
Bb6 16. Bb2 f6 17. exf6 Nxf6 18. Ng3 Ra7 19. Qb3 Ng4 20. h3 Qh4 21. Ne2 Ne3 22.
Rf3 Rc7 23. Bxd4 Bxd4 24. Nxd4 Rxf4 25. Bxb5 Nxg2 26. Kxg2 axb5 27. Rxf4 Qxf4
28. Qf3 Qd2+ 29. Qf2 Qh6 30. h4 Rf7 31. Nf3 Bb7 32. Re1 Qf4 33. Qe3 Qg4+ 34.
Kf2 Qxh4+ 35. Ke2 Qxe4 36. Qxe4 Bxe4 37. Ng5 Ra7 38. Nxe4 Rxa3 39. Rd1 Rb3 40.
Rd7 Rxb4 1/2-1/2

[Event "BL 8687 Enger-Heidelberg"]
[Site "?"]
[Date "1987.??.??"]
[Round "?.5"]
[White "Zuse, P."]
[Black "Groenegress, W."]
[Result "1-0"]
[WhiteElo "2335"]
[BlackElo "2215"]
[PlyCount "103"]
[EventDate "1987.??.??"]

1. e4 c5 2. Nf3 e6 3. Qe2 Nc6 4. g3 Be7 5. Bg2 d5 6. d3 Nf6 7. e5 Nd7 8. c4 d4
9. h4 h6 10. Bf4 Nf8 11. h5 Nh7 12. Nbd2 Ng5 13. Nh2 Bd7 14. Ng4 Qb6 15. Ne4
Nxe4 16. Bxe4 O-O-O 17. O-O-O Nb4 18. Kb1 Ba4 19. b3 Bc6 20. Bxc6 Nxc6 21. Kb2
Rde8 22. Nh2 Qd8 23. Nf3 Bg5 24. Bxg5 hxg5 25. Rde1 g4 26. Nd2 Qg5 27. f4 gxf3
28. Nxf3 Qe7 29. g4 f6 30. exf6 gxf6 31. Rh4 e5 32. Rh2 Qd7 33. Qe4 Qh7 34. a3
Qxe4 35. Rxe4 Nd8 36. g5 fxg5 37. Nxg5 Nc6 38. Nf7 Rh7 39. Nd6+ Kd8 40. Nxe8
Kxe8 41. h6 Kf7 42. Rg4 Ne7 43. Rh5 Ng6 44. Kc2 Kf6 45. b4 cxb4 46. axb4 b6 47.
Kd2 a5 48. bxa5 bxa5 49. Rg1 a4 50. Rb1 Nf4 51. Rb6+ Ne6 52. Ra6 1-0

[Event "BL 8687 Porz-Koblenz"]
[Site "?"]
[Date "1987.??.??"]
[Round "?.1"]
[White "Gutman, L."]
[Black "Hort, V."]
[Result "1/2-1/2"]
[WhiteElo "2460"]
[BlackElo "2545"]
[PlyCount "28"]
[EventDate "1987.??.??"]

1. Nf3 d6 2. e4 Bg4 3. d4 Nf6 4. Nc3 e6 5. Be2 Be7 6. O-O O-O 7. Be3 d5 8. exd5
Bxf3 9. Bxf3 exd5 10. Ne2 c6 11. b3 Na6 12. g4 Qe8 13. Nf4 Nc7 14. Nd3 Ne6
1/2-1/2

[Event "BL 8687 Porz-Koblenz"]
[Site "?"]
[Date "1987.??.??"]
[Round "?.2"]
[White "Heinbuch, D."]
[Black "Wolf, V."]
[Result "1/2-1/2"]
[WhiteElo "2425"]
[BlackElo "2315"]
[PlyCount "38"]
[EventDate "1987.??.??"]

1. d4 e6 2. Nf3 Nf6 3. c4 Bb4+ 4. Bd2 c5 5. g3 Qb6 6. Qb3 Nc6 7. dxc5 Bxc5 8.
Qxb6 Bxb6 9. Nc3 d5 10. cxd5 exd5 11. Bg2 Ne4 12. O-O Nxc3 13. Bxc3 d4 14. Bd2
O-O 15. Rfc1 Re8 16. Kf1 Bf5 17. Ne1 Be4 18. Bxe4 Rxe4 19. Nd3 Rae8 1/2-1/2

[Event "BL 8687 Porz-Koblenz"]
[Site "?"]
[Date "1987.??.??"]
[Round "?.3"]
[White "Andruet, G."]
[Black "Schulz, KJ."]
[Result "1/2-1/2"]
[WhiteElo "2365"]
[BlackElo "2440"]
[PlyCount "104"]
[EventDate "1987.??.??"]

1. d4 e6 2. c4 d5 3. Nc3 Nf6 4. cxd5 exd5 5. Bg5 c6 6. e3 h6 7. Bh4 Be7 8. Bd3
Nbd7 9. Qc2 Nf8 10. Nge2 Ne6 11. O-O Bd6 12. Bg3 Bxg3 13. Nxg3 h5 14. Nge2 Ng4
15. h3 Nf6 16. b4 Qd6 17. Rab1 Bd7 18. Rfd1 Ng5 19. Nf4 a6 20. a4 Ne6 21. Nxe6
Bxe6 22. b5 axb5 23. axb5 O-O 24. Na4 cxb5 25. Nc5 b6 26. Nxe6 fxe6 27. Rxb5
Ra5 28. Rb2 Rb8 29. Rdb1 Kf8 30. Rb4 Ra7 31. Qb2 Rc7 32. Qe2 Rbc8 33. Qb2 Rc6
34. Rb3 Ne4 35. Bxe4 dxe4 36. Qe2 Rc2 37. Qd1 R2c6 38. g4 hxg4 39. Qxg4 Rc1+
40. Kg2 Rxb1 41. Rxb1 Qc6 42. Qh5 Kg8 43. Qb5 Qc7 44. Qh5 Rf8 45. Qh4 Qc6 46.
Rb2 Rf6 47. Qh5 Rh6 48. Qd1 Rg6+ 49. Kh1 Qd5 50. Rxb6 Qf5 51. Qf1 Qf3+ 52. Kh2
Rf6 1/2-1/2

[Event "BL 8687 Porz-Koblenz"]
[Site "?"]
[Date "1987.??.??"]
[Round "?.4"]
[White "Dresen, U."]
[Black "Brueckner, T."]
[Result "1/2-1/2"]
[WhiteElo "2360"]
[BlackElo "2345"]
[PlyCount "34"]
[EventDate "1987.??.??"]

1. d4 Nf6 2. Nf3 d5 3. Bf4 g6 4. c3 Bg7 5. h3 O-O 6. Nbd2 b6 7. e3 c5 8. b4 Bb7
9. bxc5 bxc5 10. Qa4 Nbd7 11. Be2 Ne4 12. Nxe4 dxe4 13. Nd2 cxd4 14. cxd4 e5
15. dxe5 Nxe5 16. Bxe5 Bxe5 17. Rd1 Qe8 1/2-1/2

[Event "BL 8687 Porz-Koblenz"]
[Site "?"]
[Date "1987.??.??"]
[Round "?.5"]
[White "Schlick, V."]
[Black "Gerusel, M."]
[Result "0-1"]
[WhiteElo "2285"]
[BlackElo "2390"]
[PlyCount "66"]
[EventDate "1987.??.??"]

1. e4 c5 2. Nf3 e6 3. d4 cxd4 4. Nxd4 Nf6 5. Nc3 Nc6 6. g3 d5 7. Bg2 Qb6 8.
Nxc6 bxc6 9. O-O Ba6 10. Be3 Qxb2 11. Bd4 Bxf1 12. Nxd5 Qb7 13. Nxf6+ gxf6 14.
Qxf1 e5 15. Be3 Bd6 16. Bh3 h5 17. Bf5 Ke7 18. c4 Qa6 19. h4 Rab8 20. Kh2 Ba3
21. Qd1 Rhd8 22. Qxh5 Qxc4 23. Rd1 Qc2 24. Rg1 Bb2 25. Qf3 Rd3 26. Bg4 Bd4 27.
Rg2 Bxe3 28. fxe3 Rd2 29. Bh3 Rb2 30. a3 Rxg2+ 31. Bxg2 Qe2 32. Kh3 Qxf3 33.
Bxf3 c5 0-1

[Event "BL 8687 Porz-Koblenz"]
[Site "?"]
[Date "1987.??.??"]
[Round "?.6"]
[White "Garcia Palermo, C."]
[Black "Doncevic, D."]
[Result "1/2-1/2"]
[WhiteElo "2515"]
[BlackElo "2355"]
[PlyCount "71"]
[EventDate "1987.??.??"]

1. d4 Nf6 2. Nf3 g6 3. c4 Bg7 4. g3 O-O 5. Bg2 d5 6. cxd5 Nxd5 7. O-O Nb6 8. a4
c5 9. a5 Nc4 10. Qa4 Nd6 11. dxc5 Bd7 12. Qf4 Nb5 13. Ne5 Nc6 14. Nxd7 Qxd7 15.
e3 Rac8 16. Qa4 a6 17. Na3 Nxa3 18. Rxa3 Qf5 19. b4 Qg4 20. Rb3 Rfd8 21. Rb1
Rd3 22. Bb2 Bxb2 23. Rxb2 Qc4 24. Rbb1 Rc7 25. Rfc1 Qg4 26. h3 Qf5 27. b5 Rd2
28. Qf4 Qxf4 29. gxf4 axb5 30. Rxb5 Ra2 31. Bd5 Ra3 32. Bxc6 bxc6 33. Rb8+ Kg7
34. Ra8 Ra2 35. Ra6 Rd7 36. Rxc6 1/2-1/2

[Event "BL 8687 Porz-Koblenz"]
[Site "?"]
[Date "1987.??.??"]
[Round "?.7"]
[White "Bayer, E."]
[Black "Braga, F."]
[Result "1-0"]
[WhiteElo "2310"]
[BlackElo "2480"]
[PlyCount "115"]
[EventDate "1987.??.??"]

1. d4 d5 2. c4 c6 3. Nf3 Nf6 4. Nc3 dxc4 5. a4 Bf5 6. e3 e6 7. Bxc4 Bb4 8. O-O
Nbd7 9. Qb3 Qb6 10. Bd2 a5 11. Rfe1 O-O 12. Nh4 Bg6 13. Nxg6 hxg6 14. Rad1 g5
15. Bc1 e5 16. dxe5 Nxe5 17. Be2 Qc7 18. Qc2 Neg4 19. g3 Qe5 20. Rd4 Nh6 21.
Red1 Nf5 22. R4d3 Qc5 23. Qb3 Rfe8 24. Bf3 Nh6 25. Bg2 Nhg4 26. Rd4 Qf5 27. Rf1
Ne5 28. Qd1 Bc5 29. e4 Qh7 30. Bxg5 Bxd4 31. Qxd4 Qg6 32. Bf4 Nfd7 33. Ne2 Qe6
34. Rc1 Qb3 35. Be3 Qb4 36. f4 Ng4 37. Bd2 Qxd4+ 38. Nxd4 Nb6 39. b3 Rad8 40.
Bc3 Na8 41. Nf5 Nf6 42. e5 Nd5 43. Bxa5 Rc8 44. Nd6 Ne3 45. Nxc8 Rxc8 46. Be4
Nc7 47. Bxc7 Rxc7 48. h3 f5 49. exf6 gxf6 50. Kf2 Re7 51. Kxe3 f5 52. Rc4 fxe4
53. Rxe4 Rg7 54. g4 Rh7 55. Kd4 Rxh3 56. Re3 Rh4 57. Rg3 Rh1 58. Ke5 1-0

[Event "BL 8687 Porz-Koblenz"]
[Site "?"]
[Date "1987.??.??"]
[Round "?.8"]
[White "Schoen, W."]
[Black "Seul, G."]
[Result "1/2-1/2"]
[WhiteElo "2415"]
[BlackElo "2235"]
[PlyCount "119"]
[EventDate "1987.??.??"]

1. d4 Nf6 2. c4 e6 3. Nc3 Bb4 4. e3 b6 5. Bd3 Bb7 6. Nf3 O-O 7. O-O d5 8. cxd5
exd5 9. a3 Bd6 10. b4 a6 11. Qb3 Nbd7 12. a4 Re8 13. Ba3 Qe7 14. Rfe1 g6 15. h3
Qf8 16. Nd2 Rab8 17. b5 a5 18. Rec1 Rbc8 19. Ne2 Qe7 20. Nf4 Bxa3 21. Qxa3 Qxa3
22. Rxa3 c5 23. bxc6 Rxc6 24. Rac3 Rec8 25. Ne2 Rxc3 26. Rxc3 Rxc3 27. Nxc3 Kf8
28. f3 Ke7 29. Kf2 Nb8 30. e4 dxe4 31. fxe4 Nfd7 32. Ke3 Na6 33. e5 Nb4 34. Be4
Bxe4 35. Kxe4 f6 36. Nf3 fxe5 37. dxe5 Nc5+ 38. Kd4 Nc2+ 39. Kd5 Ne3+ 40. Kc6
Nxg2 41. Kxb6 Nb3 42. Nd5+ Ke6 43. Kc6 h6 44. Nc7+ Ke7 45. Nd5+ Ke6 46. h4 Nc1
47. Nc7+ Ke7 48. Nd5+ Ke6 49. Nc7+ Ke7 50. Kb5 Nb3 51. Kc4 Nc1 52. Nd4 Nxh4 53.
Nd5+ Ke8 54. e6 g5 55. Kc5 Ng6 56. Kd6 Nd3 57. Nf5 Nb2 58. Nxh6 Nxa4 59. Ng4
Kf8 60. e7+ 1/2-1/2

[Event "BL 8687 Bayern-Solingen"]
[Site "?"]
[Date "1987.??.??"]
[Round "?.4"]
[White "Hecht, H."]
[Black "Lobron, E."]
[Result "1-0"]
[WhiteElo "2455"]
[BlackElo "2515"]
[PlyCount "61"]
[EventDate "1987.??.??"]

1. e4 c5 2. Nf3 d6 3. d4 cxd4 4. Nxd4 Nf6 5. Nc3 Nc6 6. Bg5 e6 7. Qd3 a6 8.
O-O-O Bd7 9. Be2 h6 10. Nxc6 Bxc6 11. Bh4 b5 12. Rhe1 Qc7 13. Bxf6 gxf6 14. Bh5
O-O-O 15. Qd4 Rg8 16. Qxf6 Rd7 17. Qf4 Bg7 18. Rd3 b4 19. Nd1 Qa5 20. Bf3 Qxa2
21. e5 Bb5 22. Rxd6 Bxe5 23. Qxe5 Rxd6 24. Qxd6 Qa1+ 25. Kd2 Rd8 26. Bb7+ Kxb7
27. Qxd8 b3 28. Qe7+ Kc6 29. Qa3 Qb1 30. Qxb3 Qa1 31. Qa3 1-0